| 000 | 01174nam a2200289 a 4500 | ||
|---|---|---|---|
| 001 | ebr10428643 | ||
| 003 | CaPaEBR | ||
| 006 | m u | ||
| 007 | cr cn||||||||| | ||
| 008 | 101206s2010 enka s 001 0 eng d | ||
| 020 | _z9781849511940 | ||
| 020 | _z9781849511957 (e-book) | ||
| 040 |
_aCaPaEBR _cCaPaEBR |
||
| 035 | _a(OCoLC)694147005 | ||
| 050 | 1 | 4 |
_aLB1028.68 _b.C66 2010eb |
| 100 | 1 | _aCooch, Mary. | |
| 245 | 1 | 0 |
_aMoodle 2.0 first look _h[electronic resource] : _bdiscover what's new in Moodle 2.0, how the new features work, and how it will impact you / _cMary Cooch. |
| 260 |
_aBirmingham, U.K. : _bPackt Pub., _c2010. |
||
| 300 |
_aviii, 255 p. : _bcol. ill. |
||
| 500 | _aIncludes index. | ||
| 533 |
_aElectronic reproduction. _bPalo Alto, Calif. : _cebrary, _d2010. _nAvailable via World Wide Web. _nAccess may be limited to ebrary affiliated libraries. |
||
| 630 | 0 | 0 | _aMoodle. |
| 650 | 0 |
_aComputer-assisted instruction _xComputer programs. |
|
| 655 | 7 |
_aElectronic books. _2local |
|
| 710 | 2 | _aebrary, Inc. | |
| 856 | 4 | 0 |
_uhttp://site.ebrary.com/lib/rucke/Doc?id=10428643 _zAn electronic book accessible through the World Wide Web; click to view |
| 999 |
_c145722 _d145722 |
||